1890 1047 1420 1843 1030 1495 1002 1749 1871 1112 1590 1487 1602 1803 1040 1319 1173 1624 1918 1308 1967 1997 1629 1386 1390 1814 1282 1758 1270 1414 1585 1241 1100 1352 1331 1967 1463 1266 1709 1590 1150 1079 1704 1317 1398 1285 1464 1741 1391 1583 1753 1019 1512 1307 1939 1320 1301 1522 1236 1980 1569 1618 1791 1599 1452 1904 1731 1421 1209 1463 1625 1236 1182 1931 1596 1054 1174 1198 1031 1147 1979 1689 1975 1952 1837 1330 1198 1387 1324 1801 1228 1084 1527 1369 1080 1041 1568 1769 1840 BCNSPRNW ULIB Ver.6.0+V

เปลี่ยนเป็นภาษาไทย

Change to English
 แสดงรายละเอียดบรรณานุกรม
  กลับหน้าหลัก

Brief Record : Get Marc (ISO 2709) : E-mail record : QR code < ปิดหน้าต่าง
LEADER : 00000nam 2200000uu 4500
001    13399112894
003     ULIB
008    110916s2552||||th 000 0 tha d
020    9786115000067
090    นว.^bณ410ป 2552
100 0  ณารา
245 00 ปฏิบัติการล่าตามหาหัวใจ/^cณารา
250    พิมพ์ครั้งที่ 4
260    กรุงเทพฯ :^bพิมพ์คำ,^c2552
300    384 หน้า
945    ^p250^l0^i16309
995    กัณชพร
999    ^aใช้งานได้ทุกระบบ
รายการนี้ยังไม่มีแท็ก
คุณยังไม่ได้ล็อกอิน คุณสามารถมีกิจกรรมร่วมกับเว็บไซต์ได้ แต่ต้องล็อกอินก่อน ::
  ล็อกอิน

รายการสื่อสารสนเทศ

ลำดับที่ ประเภท เลขเรียก/บาร์โค้ด สถานที่ สถานะ
1. นวนิยาย
นวนิยาย
นว. ณ410ป 2552  
  Barcode: 16309
ห้องสมุดวิทยาเขตสวรรค์ประชารักษ์
►นวนิยาย
บนชั้น
  ขอยืม

รายการใกล้เคียง
    ผู้แต่ง [ณารา]

BibComment


ยังไม่เคยถูกคอมเมนท์

คอมเมนท์ทรัพยากรรายการนี้
  คอมเมนท์: ปฏิบัติการล่าตามห..


 Copyright 2026. Bcnsprnw @Library